000 00962nam0a2200313 4500
001 RU\NLR\bibl\84237
005 20260405182508.0
010 _a5-7654-0467-7
010 _a5-224-00543-4
_95000
021 _aRU
_b2000-3941
_9195
035 _a(NLR Aleph) 000082275
090 _a458547
_c458547
100 _a20000505d2000 |||y0rusy50 ca
101 0 _arus
102 _aRU
105 _aa |||||||a|
200 1 _aТот свет
_eРоман
_aКрасная шляпа
_eПовесть
_fНина Катерли
210 _aСПб.
_cНева
_aМ.
_cОЛМА-Пресс
_d2000
215 _a381, [2] c.
_d21
225 1 _aИмена
686 _aШ6(2=Р)75-440.4
700 1 _4070
_aКатерли
_bН.С.
_f1934-
_gНина Семеновна
_3RU\NLR\auth\7779214
_962142
801 0 _aRU
_bNLR
_c20000505
_gPSBO
801 1 _aRU
_bNLR
_c20000505
852 _aNLR
_j2000-3/2153
942 _cBOOK
980 _aNB